The art of war in world history : (Record no. 185356)

000 -LEADER
fixed length control field 00999 a2200241 4500
003 - CONTROL NUMBER IDENTIFIER
control field NUST
005 - DATE AND TIME OF LATEST TRANSACTION
control field 20221223174532.0
010 ## - LIBRARY OF CONGRESS CONTROL NUMBER
LC control number 92020153
020 ## - INTERNATIONAL STANDARD BOOK NUMBER
International Standard Book Number 0520079639 (alk. paper)
020 ## - INTERNATIONAL STANDARD BOOK NUMBER
International Standard Book Number 0520079647 (pbk. : alk. paper)
040 ## - CATALOGING SOURCE
Transcribing agency Nust
082 00 - DEWEY DECIMAL CLASSIFICATION NUMBER
Classification number 355.009,CHA
245 14 - TITLE STATEMENT
Title The art of war in world history :
Remainder of title from antiquity to the nuclear age (Vol-2) /
Statement of responsibility, etc. Edited by Geard Chaliand.
260 ## - PUBLICATION, DISTRIBUTION, ETC.
Place of publication, distribution, etc. Berkeley :
Name of publisher, distributor, etc. University of California Press,
Date of publication, distribution, etc. [c1994]
300 ## - PHYSICAL DESCRIPTION
Extent xxix, 1072 p. :
Other physical details maps ;
Dimensions 24 cm.
505 ## - FORMATTED CONTENTS NOTE
Formatted contents note Limited Wars in The West (Page-501), The Age of Total Wars (Page-629), The Nuclear Era (Page-991) .
650 #0 - SUBJECT ADDED ENTRY--TOPICAL TERM
Topical term or geographic name entry element Military art and science
General subdivision History.
650 #0 - SUBJECT ADDED ENTRY--TOPICAL TERM
Topical term or geographic name entry element Military history.
700 1# - ADDED ENTRY--PERSONAL NAME
Personal name Chaliand, G⥲ard,
Dates associated with a name 1934-
9 (RLIN) 90972
856 42 - ELECTRONIC LOCATION AND ACCESS
Materials specified Contributor biographical information
Uniform Resource Identifier <a href="http://www.loc.gov/catdir/bios/ucal051/92020153.html">http://www.loc.gov/catdir/bios/ucal051/92020153.html</a>
856 42 - ELECTRONIC LOCATION AND ACCESS
Materials specified Publisher description
Uniform Resource Identifier <a href="http://www.loc.gov/catdir/description/ucal041/92020153.html">http://www.loc.gov/catdir/description/ucal041/92020153.html</a>
942 ## - ADDED ENTRY ELEMENTS (KOHA)
Source of classification or shelving scheme
Koha item type Book
Call number prefix 355.009,CHA
Holdings
Withdrawn status Lost status Source of classification or shelving scheme Damaged status Not for loan Permanent Location Current Location Shelving location Date acquired Full call number Barcode Date last seen Price effective from Koha item type Public note Total Checkouts
          Military College of Signals (MCS) Military College of Signals (MCS) General Stacks 12/12/2016 355.02,CHA MCS27674 12/08/2016 12/12/2016 Book Almirah No.73, Shelf No.8  
          Military College of Signals (MCS) Military College of Signals (MCS) General Stacks 12/12/2016 355.02,CHA MCS36457 12/08/2016 12/12/2016 Book Almirah No.73, Shelf No.8  
          Military College of Signals (MCS) Military College of Signals (MCS) General Stacks 12/12/2016 355.009,CHA MCS36474 12/08/2016 12/12/2016 Book Almirah No.51, Shelf No.2  
          Military College of Signals (MCS) Military College of Signals (MCS) General Stacks 12/12/2016 355.009,CHA MCS36486 12/08/2016 12/12/2016 Book Almirah No.51, Shelf No.2  
          Military College of Signals (MCS) Military College of Signals (MCS) General Stacks 03/07/2023 355.009,CHA MCS27675 03/07/2023 03/07/2023 Book Almirah No.73, Shelf No.8  
© 2023 Central Library, National University of Sciences and Technology. All Rights Reserved.